| 000 | 01035cam a2200289 i 4500 | ||
|---|---|---|---|
| 003 | EG-ScBUE | ||
| 005 | 20231120114649.0 | ||
| 008 | 060609s1997 ua o f 1ara d | ||
| 017 | _a96 / 11819 | ||
| 020 | _a977286039 | ||
| 040 |
_aEG-ScBUE _bara _erda _cEG-ScBUE _dEG-ScBUE |
||
| 082 | 0 | 4 |
_a892.7080355 _bم ط ا _222 |
| 100 | 1 |
_aمطاوع، عبد الوهاب، _d1940-2004، _eمؤلف. _933033 |
|
| 245 | 1 | 0 |
_aسائح في دنيا الله : _bحول العالم في 200 يوم / _cعبد الوهاب مطاوع. |
| 250 |
_aالطبعة الأولى، _bمزيدة ومنقحة. |
||
| 264 | 1 |
_aالقاهرة : _bمكتبة مدبولي الصغير، _c1997. |
|
| 300 |
_a300 صفحة : _bصور ؛ _c24 سم |
||
| 336 |
_2rdacontent _aنص _btxt |
||
| 337 |
_aبدون وسيط _2rdamedia _bn |
||
| 338 |
_aمجلد _bnc _2rdacarrier |
||
| 590 | _aلب 29 | ||
| 650 | 7 |
_aالرحلات في الأدب العربي. _2BUEsh |
|
| 651 | _2BUEsh | ||
| 653 | _cApril2013 | ||
| 655 | _vReading book | ||
| 942 |
_2ddc _cBB |
||
| 999 |
_c17419 _d17391 |
||